Ordinary differential equations : (Record no. 156783)

MARC details
000 -LEADER
fixed length control field 00858nam a2200241 a 4500
008 - FIXED-LENGTH DATA ELEMENTS--GENERAL INFORMATION
fixed length control field
020 ## - INTERNATIONAL STANDARD BOOK NUMBER
International Standard Book Number 0471043702 (pbk.)
049 ## - LOCAL HOLDINGS (OCLC)
Holding library MAIN
090 01 - LOCALLY ASSIGNED LC-TYPE CALL NUMBER (OCLC); LOCAL CALL NUMBER (RLIN)
Classification number (OCLC) (R) ; Classification number, CALL (RLIN) (NR) QA372
Local cutter number (OCLC) ; Book number/undivided call number, CALL (RLIN) BAJ
003 - CONTROL NUMBER IDENTIFIER
control field
005 - DATE AND TIME OF LATEST TRANSACTION
control field 20230123133919.0
040 ## - CATALOGING SOURCE
Transcribing agency NUST
100 1# - MAIN ENTRY--PERSONAL NAME
Personal name Bajpai, Avi C.
245 10 - TITLE STATEMENT
Title Ordinary differential equations :
Remainder of title a programmed course for students of science and technology /
Statement of responsibility, etc. [by] A. C. Bajpai, I. M. Calus, [and] J. Hyslop.
260 ## - PUBLICATION, DISTRIBUTION, ETC.
Place of publication, distribution, etc. London :
Name of publisher, distributor, etc. Wiley-Interscience,
Date of publication, distribution, etc. 1970.
300 ## - PHYSICAL DESCRIPTION
Extent [276] p. :
Other physical details ill. ;
Dimensions 25 cm.
440 #2 - SERIES STATEMENT/ADDED ENTRY--TITLE
Title A series of programmes on differential equations.
650 #0 - SUBJECT ADDED ENTRY--TOPICAL TERM
Topical term or geographic name entry element Differential equations
Form subdivision Programmed instruction.
700 1# - ADDED ENTRY--PERSONAL NAME
Personal name Calus, I. M.
Fuller form of name (Irene M.),
Relator term joint author.
700 1# - ADDED ENTRY--PERSONAL NAME
Personal name Hyslop, J.,
Relator term joint author.
907 ## - LOCAL DATA ELEMENT G, LDG (RLIN)
a .b10150080
b 05-03-11
c 03-02-05
942 ## - ADDED ENTRY ELEMENTS (KOHA)
Koha item type Ordinary Loan Books
Call number prefix QA372
Call number suffix BAJ
Holdings
Date last seen Total Checkouts Full call number Barcode Cost, replacement price Price effective from Koha item type Lost status Source of classification or shelving scheme Damaged status Not for loan Collection Withdrawn status Home library Current library Shelving location Date acquired Cost, normal purchase price
01/23/2023 45 QA372 BAJ 92003035184 80.00 01/23/2023 BOOKS   LCC     NFIC   MAIN MAIN GEN 01/23/2023 80.00